Luật biển Những vấn đề cơ bản theo công ước 1982
Giới thiệu công ước luật biển lần thứ 3 được ký kết tại hội nghị tổ chức ở Môntêgô Bay (Gia maica) từ ngày 6 đến ngày 10-12-1982. Những nhân tố cơ bản dẫn tới hội nghị, việc đấu tranh xây dựng thông qua công ước luật biển mới năm 1982 và toàn văn bản công ước luật biển...
Wedi'i Gadw mewn:
| Prif Awdur: | |
|---|---|
| Fformat: | Llyfr |
| Iaith: | Vietnamese |
| Cyhoeddwyd: |
H.
Pháp lý
1983
|
| Pynciau: | |
| Tagiau: |
Ychwanegu Tag
Dim Tagiau, Byddwch y cyntaf i dagio'r cofnod hwn!
|
| Thư viện lưu trữ: | Mạng thư viện Đại học Đà Nẵng |
|---|
| LEADER | 01487nam a22003618a 4500 | ||
|---|---|---|---|
| 001 | 000007411 | ||
| 003 | 3572 | ||
| 005 | 20120525080548.0 | ||
| 008 | 111003s1983 b 000 0 vieod | ||
| 020 | |c 6500đ |d 5200b | ||
| 041 | 0 | |a vie | |
| 082 | |a 341.45 |b PH-G | ||
| 084 | |a S91 |b L504B | ||
| 100 | 1 | |a Phạm Giảng | |
| 245 | 1 | 0 | |a Luật biển |b Những vấn đề cơ bản theo công ước 1982 |c Phạm Giảng |
| 260 | |a H. |b Pháp lý |c 1983 | ||
| 300 | |a 238tr |c 19cm | ||
| 500 | |a Thư mục: tr. 233-235 | ||
| 520 | |a Giới thiệu công ước luật biển lần thứ 3 được ký kết tại hội nghị tổ chức ở Môntêgô Bay (Gia maica) từ ngày 6 đến ngày 10-12-1982. Những nhân tố cơ bản dẫn tới hội nghị, việc đấu tranh xây dựng thông qua công ước luật biển mới năm 1982 và toàn văn bản công ước luật biển | ||
| 653 | |a Quốc tế | ||
| 653 | |a Luật biển | ||
| 653 | |a công ước | ||
| 910 | |a Nguyễn Thị Kim Oanh |d 03/10/2011 | ||
| OWN | |a LSP | ||
| AVA | |a UDN50 |b LSP |d 341.45 PH-G |e available |t Error 5001 Not defined in file expand_doc_bib_avail. |f 3 |g 2 |h N |i 0 |k 1 | ||
| 999 | |a From the UDN01 | ||
| AVA | |a UDN50 |b LSP |d 341.45 PH-G |e available |t Error 5001 Not defined in file expand_doc_bib_avail. |f 3 |g 2 |h N |i 0 |k 1 | ||
| TYP | |a Monograph | ||
| TYP | |a Printed language | ||
| 980 | |a Mạng thư viện Đại học Đà Nẵng | ||